Launching new ventures : an entrepreneurial approach

Main Author: Allen Kathleen R.
Published: Boston: Houghton Mifflin Co, 2003.
Edition:3rd ed..
Subjects:
LEADER 00662cam a2200193 7i4500
001 0000036159
005 20140604090000.0
020 # 0 |a 061821481X  
090 0 0 |a HD 62.5   |b A425 2003 
100 1 # |a Allen Kathleen R.  
245 1 0 |a Launching new ventures :   |b an entrepreneurial approach   |c Kathlee R. Allen. 
250 # # |a 3rd ed.. 
260 # # |a Boston:   |b Houghton Mifflin Co,   |c 2003. 
300 # # |a xx, 588 p.:   |b ill.;   |c 24 cm.. 
590 # # |a Pusat Pengajian Perniagaan dan Pengurusan Maritim 
650 0 0 |a Small business --   |x Planning  
650 0 0 |a Business planning  
650 0 0 |a New business enterprises --   |x Management  
999 |a 1100020130  |b Book  |c Open Shelf  |e KOLEKSI TERBUKA